| 000 | 00737nam a2200241 a 4500 | ||
|---|---|---|---|
| 001 | 000044298 | ||
| 003 | DO-SdBNP | ||
| 005 | 20150213132656.0 | ||
| 007 | 000044298 | ||
| 008 | 140613s2013 dr a 000 0 spa d | ||
| 040 |
_aBPMET _bspa _cBPMET |
||
| 100 | 1 | _aVeloz Maggiolo, Marcio | |
| 245 | 1 | 3 |
_aLa iguanita azul / _cMarcio Veloz Maggiolo ; ilustraciones verouschka Freixas. |
| 260 |
_aSanto Domingo : _bSantillana, _c2013. |
||
| 300 |
_a49 p. ; _c20 cm. |
||
| 490 | 1 | _aAfaguara infantil | |
| 700 | 1 | 2 |
_aFreixas, verouschka _eil. |
| 830 | 0 | _aAfaguara infantil | |
| 930 | 1 |
_lBND01 _mLF1 _820140613 _f01 _pCT _g45196 |
|
| 942 |
_2ddc _cBK |
||
| 956 |
_aDGARCIA _b10 _c20140613 _lBND01 _h0844 |
||
| 956 |
_aVMATEO _b10 _c20140613 _lBND01 _h0940 |
||
| 999 |
_c7389 _d7389 |
||